000 01205nam a2200229Ia 4500
001 L235-31489
003 IT-CnALBA
008 170116s9999||||xx |||||||||||||| ||und||
040 _aIT-CnALBA
_cIT-CnALBA
041 _aITALIANO
100 _aBIFFI GIACOMO, CARDINALE DI BOLOGNA
245 0 _aAMBROGIO VESCOVO. ATTUALITÀ DI UN MAESTRO.
250 _a1a ed.
260 _aCINISELLO BALSAMO (MI)
_bEDIZIONI PAOLINE
_c1997 [1° Ed.:1997 - Ed.Ling.Originale: 1997]
300 _a131 p.
500 _aTEOLOGO. VITA PASTORE AMICIZIA. ARCHITETTURA SACRA. MISTAGOGO. INSEGNAMENTI MORALI E SOCIALI. CRISTO SALVATORE. CHIESA SANTA E PECCATRICE. AMBROGIO E AGOSTINO. MARTIRIO. VERGINITÀ CONSACRATA. PENITENZA CANTAUTORE DEI MISTERI CRISTIANI.
501 _aSocietà San Paolo EM - Piazza San Paolo, 14 - 12051 ALBA (CN) (non commercial uses only) ® Copyright 2017
520 _aTEOLOGO. VITA PASTORE AMICIZIA. ARCHITETTURA SACRA. MISTAGOGO. INSEGNAMENTI MORALI E SOCIALI. CRISTO SALVATORE. CHIESA SANTA E PECCATRICE. AMBROGIO E AGOSTINO. MARTIRIO. VERGINITÀ CONSACRATA. PENITENZA CANTAUTORE DEI MISTERI CRISTIANI.
650 _aMARIA SS. ANGELI SANTI DEMONI
942 _cBK
957 _71
999 _a36257
_bNO
_g Copie: 1
_c290323
_d290323